000 00978nam a2200205Ia 4500
003 GCL
008 140319s9999 xx 000 0 ara d
040 _aGCL /
_cGCL
082 0 4 _a953.16535
_bف ا
100 1 _aفهد بن عبدالله السمارى
245 1 0 _aازمة الخليج العربى :
_bدراسة فى الخلفية التاريخية و العوامل السياسية /
_cفهد بن عبدالله السمارى
250 _aالاولى
260 _aالرياض :
_bجامعة الامام محمد بن سعود الاسلامية ،
_c1992
300 _a143 ص ؛
_c23 سم
650 0 4 _aالكويت - تاريخ - العصر الحديث
650 0 4 _aالكويت - تاريخ - العصر الحديث - الاحتلال العراقى(1990-1991)
650 0 4 _aالخليج العربى - الاحوال السياسية
650 0 4 _aالكويت - تاريخ - انتهاء الاحتلال العراقى (1991)
942 _2ddc
_cBK
999 _c7075
_d7075